Villes de France par population - Click Quiz - Statistiques

Statistiques générales
  • Ce quiz a été pris 80 fois
  • Le résultat moyen est 25 sur 65
Statistiques - réponses
Hint Réponse % Correct
Paris >500 000
63%
Marseille >500 000
59%
Lyon >500 000
54%
Sète <50 000
52%
Grenoble 150 000 - 250 000
51%
Ajaccio 50 000 - 100 000
49%
Albi <50 000
49%
Metz 100 000 - 150 000
48%
Aix-en-Provence 100 000 - 150 000
48%
Perpignan 100 000 - 150 000
48%
Nantes 250 000 - 500 000
48%
Chartres <50 000
48%
Auxerre <50 000
46%
Besançon 100 000 - 150 000
44%
Clermont-Ferrand 100 000 - 150 000
44%
Boulogne-Billancourt 100 000 - 150 000
44%
Caen 100 000 - 150 000
44%
Saint-Étienne 150 000 - 250 000
44%
Rennes 150 000 - 250 000
44%
Bordeaux 250 000 - 500 000
44%
Mulhouse 100 000 - 150 000
43%
Strasbourg 250 000 - 500 000
43%
Charleville-Mézières <50 000
43%
Saint-Malo <50 000
43%
Saint-Denis (Île-de-France) 100 000 - 150 000
41%
Pau 50 000 - 100 000
41%
Chalon-sur-Saône <50 000
41%
Nancy 100 000 - 150 000
40%
Nice 250 000 - 500 000
40%
Montpellier 250 000 - 500 000
40%
Carcassonne <50 000
40%
Limoges 100 000 - 150 000
38%
Angers 150 000 - 250 000
38%
Calais 50 000 - 100 000
38%
Béziers 50 000 - 100 000
38%
Bourges 50 000 - 100 000
38%
Laval <50 000
38%
Belfort <50 000
38%
Brest 100 000 - 150 000
37%
Poitiers 50 000 - 100 000
37%
Roubaix 50 000 - 100 000
37%
Dunkerque 50 000 - 100 000
37%
Bayonne 50 000 - 100 000
37%
Chambéry 50 000 - 100 000
37%
Boulogne-sur-Mer <50 000
37%
Tours 100 000 - 150 000
35%
Reims 150 000 - 250 000
33%
Colmar 50 000 - 100 000
33%
Nîmes 100 000 - 150 000
32%
Tourcoing 50 000 - 100 000
32%
Avignon 50 000 - 100 000
32%
Arras <50 000
32%
Angoulême <50 000
32%
Dijon 150 000 - 250 000
30%
Vitry-sur-Seine 50 000 - 100 000
30%
La Rochelle 50 000 - 100 000
30%
Troyes 50 000 - 100 000
30%
Narbonne 50 000 - 100 000
29%
Toulouse >500 000
29%
Toulon 150 000 - 250 000
27%
Fort-de-France 50 000 - 100 000
27%
Villeurbanne 150 000 - 250 000
22%
Saint-Denis (La Réunion) 150 000 - 250 000
21%
Lille 150 000 - 250 000
17%
Valenciennes <50 000
17%
Aucun quiz correspondant
Distribution des résultats
% des personnes avec chaque résultat
Percentile par nombre de réponses
Votre historique - résultats
Vous n’avez pas pris ce quiz